Buisness economics : (Record no. 170621)

MARC details
000 -LEADER
fixed length control field 00694nam a2200193 4500
005 - DATE AND TIME OF LATEST TRANSACTION
control field 20191218144659.0
010 ## - LCCN (DPL NO)
LC control number ENG-127194
020 ## - INTERNATIONAL STANDARD BOOK NUMBER
International Standard Book Number 9789385132353
Terms of availability 130.00
035 ## - SYSTEM CONTROL NUMBER
System control number EN-110726
037 ## - SOURCE OF ACQUISITION
Source of stock number/acquisition DBAD/PUB
082 ## - DEWEY DECIMAL CLASSIFICATION NUMBER
Classification number 330
100 ## - MAIN ENTRY--PERSONAL NAME
Personal name Sahai, K.Prabhu
245 ## - TITLE STATEMENT
Title Buisness economics :
Remainder of title (for B.com. I semester common core syllabi for all universities in Telangana state) /
Statement of responsibility, etc by K.Prabhu Sahai [and] Magdalene Daniel
260 ## - PUBLICATION, DISTRIBUTION, ETC. (IMPRINT)
Place of publication, distribution, etc Hyderabad
Name of publisher, distributor, etc Vaagdevi Publishers
Date of publication, distribution, etc 2017
270 ## - ADDRESS
Address H.No-2-2-1167/2H, Near Railway Bridge
City Tilak Nagar, Nallakunta, Hyderabad
Postal code 500044
300 ## - PHYSICAL DESCRIPTION
Extent 156p.
Dimensions 23cm(pbk)
700 ## - ADDED ENTRY--PERSONAL NAME
Personal name Daniel, Magdalene
942 ## - ADDED ENTRY ELEMENTS (KOHA)
Source of classification or shelving scheme Dewey Decimal Classification
Item type English Books
Classification part 330
Call number suffix SAH
Holdings
Withdrawn status Lost status Not for loan Collection code Home library Current library Date acquired Source of acquisition Cost, normal purchase price Full call number Barcode Copy number Cost, replacement price Koha item type
      Non-fiction Sarojini Nagar Sarojini Nagar 18/12/2019 DBAD/PUB 130.00 330 SAH EN-110726 1 130.00 English Books

© Delhi Public Library
Hit Counter
free hit counter